000 00931cam a2200277 i 4500
001 969439509
003 OSt
005 20250828103055.0
008 170113s2018 paua b 001 0 eng
020 _a9780323401159 (Hardcover)
040 _aDNLM/DLC
_beng
_erda
_cDLC
_dNUST
050 1 0 _aRD81 BAS
245 0 0 _aBasics of anesthesia /
_cedited by Manuel C Pardo, Jr. and Ronald D Miller.
250 _aSeventh edition.
260 _aPhiladelphia, PA :
_bElsevier,
_c2018.
300 _axix, 914 pages :
_bIllustrations ;
_c26 cm.
336 _atext
_btxt
_2rdacontent
337 _aunmediated
_bn
_2rdamedia
338 _avolume
_bnc
_2rdacarrier
504 _aIncludes bibliographical references and index.
650 1 2 _vAnesthesia.
650 1 2 _vAnesthesiology.
700 1 _aPardo, Manuel, Jr
_eEditor
700 1 _aMiller, Ronald D
_eEditor
942 _2lcc
_cBOOKS
_eSeventh edition.
_hRD81 BAS
_kRD
_mBAS
_n0
999 _c171671
_d171671